Sistema web para la planeación operativa en las direcciones del instituto Nicaragüense de estudios territoriales INETER

El presente documento se describe el desarrollo de un sistema web para automatizar los procesos administrativos de planificación de proyectos en el Instituto Nicaragüense de estudios Territoriales INETER, con el fin de mejorar el control de las tareas y actividades, facilitando el procesamiento de...

Full description

Bibliographic Details
Main Author: Guevara García, José Denis
Other Authors: Tutor: González López, Adilson
Format: Tesis Section = Libro
Language:Undetermined
Spanish
Published: Managua, Nicaragua UNI 2018
Subjects:
LEADER 01280nam a2200277Ia 4500
008 240830s9999 xx 000 0 und d
040 |a BIBLIOTECA-RUSB/ Mon 005.74 G939 
041 |a spa 
082 |a Mon 005.74 G939 
100 1 |a Guevara García, José Denis 
245 1 0 |a Sistema web para la planeación operativa en las direcciones del instituto Nicaragüense de estudios territoriales INETER 
260 |a Managua, Nicaragua  |b UNI  |c 2018 
300 |a 139 p. :il. 
500 |a Contiene: CD. 
502 |a Tesis (Ingeniero en Computación) - UNI, 2018. 
520 3 |a El presente documento se describe el desarrollo de un sistema web para automatizar los procesos administrativos de planificación de proyectos en el Instituto Nicaragüense de estudios Territoriales INETER, con el fin de mejorar el control de las tareas y actividades, facilitando el procesamiento de la información y la generación de reportes, así como la comunicación entre los equipos de trabajo. 
650 7 |a SISTEMA WEB 
650 7 |b  PLANEACIÓN OPERATIVA 
650 7 |c  BASE DE DATO 
650 7 |d  AUTOMATIZACIÓN 
650 7 |e  PROCESOS ADMINISTRATIVO 
650 7 |f  INTERNET 
700 1 |a Tutor:  |b González López, Adilson 
942 |c BK  |2 ddc 
991 |a TESIS 
999 |c 19789